00767 2200217 4500001002100000005001700021008004100038035002500079040001200104082001000116090002000126100000900146245014500155260008100300300004900381500003100430504003300461650002500494850001200519990001800531YOGYA-0113000000145920150420113021.0 ind  a0010-011300000001459 aYOPDYOG 297.74 aSK 297.74 Ard P aARDI aPenerapan metode mauidzoh hasanah oleh LPM pondok pesantren wahid hasyim dalam dakwah islamiyah terhadap masyarakat condongcaturc/oleh Ardi aYogyakartabFakultas dakwah Institut Agama Islam Negeri Sunan Kalijagac2000 aix, 105, (12) lbr. :bilus., lamp. ;c29 cm. aSkripsi UIN Sunan Kalijaga aBibliografi : (lbr. 106-107) aDakwah Islam, Metode aYOPDYOG a43342-PD/A-12